[Event "Poikovsky Karpov 03rd"]
[Site "Poikovsky"]
[Date "2002.04.17"]
[Round "2"]
[White "Rublevsky, Sergei"]
[Black "Bologan, Viktor"]
[Result "1/2-1/2"]
[WhiteElo "2657"]
[BlackElo "2652"]
[Annotator "Bologan,V"]
[PlyCount "96"]
[EventDate "2002.04.16"]
[EventType "tourn"]
[EventRounds "9"]
[EventCountry "RUS"]
[EventCategory "16"]
[SourceTitle "CBM 089"]
[Source "ChessBase"]
[SourceDate "2002.08.12"]
[SourceVersion "1"]
[SourceVersionDate "2002.08.12"]
[SourceQuality "1"]

1. e4 {Ribli} c5 2. Nf3 e6 {This time was very difficult to find the right
dates for the tournament, due to the very tense calendar in April. So me and
Rafael Vaganian had to postpone our game from the first round and to arrive at
Poikovsky at 02.00 a.m. the night before second round. So for my preparation I
had only few ours in the mourning and the choice was with antisicilian from
Rublevsky I should allow.} 3. c4 Nc6 4. Nc3 Nf6 5. Be2 d5 6. exd5 exd5 7. d4 {
Funny enough but we already had this position in our personal encounter more
then 10 years ago, and the white was me.} Be6 {From the very beguinning I was
trying to avoid the main theoretical lines, when 7...Be7 would be it.} 8. Be3
dxc4 9. O-O a6 $6 {N The product of during the game thoughts. I desperarely
wanted to get use of extra !!! temp for black. For the fight of the center
pawns the castle doesn't play any role. The text is provoking the capture on
c5 after which black can first attack the bishop on e3. The p[roblem is that
black is undeveloped... Ribli: 'Eine interessante Idee - Schwarz möchte in der
Folge b7-b5 spielen und seinen Pc4 verteidigen.'} (9... cxd4 {was recently
played} 10. Nxd4 Nxd4 11. Bxd4 Be7 12. Qa4+ Qd7 13. Qxd7+ Nxd7 14. Bxg7 Rg8 15.
Bd4 {N} O-O-O 16. Rac1 Bh3 17. Bf3 Rxg2+ 18. Kh1 {?! too shy. After} (18. Bxg2
{!?} Rg8 19. Ne2 Bxg2 (19... Rxg2+ 20. Kh1 Bd6 21. Rxc4+ Kd8 22. Rd1 Rxh2+ 23.
Kg1 Rg2+ 24. Kf1 $14) 20. Rfd1 b5 21. Ng3 Bf3 22. Re1 Bb4 23. Re3 Bc6 24. Rd1
$14 {white would hold the material and better chances}) 18... Rg5 {Topalov V.
(2718) - Leko P.(2745), Monaco 2002 It "Melody Amber" (active)}) (9... Be7 {
was also possible}) 10. Re1 $6 {Played after deep thought. The best was Ribli:
'Weiß hält die Spannung im Zentrum aufrecht und hofft, dass sein Re1 nach
Vereinfachungen aktiv ins Spiel eingreifen kann.'} (10. dxc5 $1 {on which I
was going to play} Ng4 (10... Qxd1 {also doesn't equalize} 11. Rfxd1 (11. Raxd1
{Ribli} Ng4 12. Ne4 Nxe3 13. fxe3 c3 14. bxc3 Bxa2 15. Rd2 $14) 11... Ng4 12.
Bd4 O-O-O (12... Nxd4 13. Nxd4 Bxc5 14. Nxe6) 13. Ne4 Bd5 (13... f6 14. h3 Bd5
(14... Nh6 15. Bc3 Be7 16. Nfd2 Nd4 17. Bxc4 Bxc4 18. Nxc4) 15. Nd6+ Bxd6 16.
cxd6 Rxd6 17. Bc5 Bxf3 18. Rxd6 Bxe2 19. hxg4 Bxg4 20. Re1 $16) 14. Nd6+ Bxd6
15. cxd6 Rxd6 16. Bxg7 Rg8 17. Nh4 Rxg7 18. Nf5 Rdg6 19. Rxd5 Nf6 20. Rc5 Rxg2+
21. Kh1 Rxf2 22. Nxg7 Rxe2 23. Rxc4 Ne4 24. Rf1 $16) (10... Qa5 {Ribli} 11. Qa4
Rc8 12. Ng5 Bxc5 13. Nxe6 fxe6 14. Qxc4 $14) 11. Bd4 (11. Qc1 $1 {now all
rodes lead to advantage for white} Nxe3 (11... h6 12. Rd1 Qa5 13. Ne4) (11...
Be7 12. Ng5) 12. Qxe3 Be7 13. Rfd1 Qa5 14. Ne4 {white is very stable in the
center aand he mostly will win the pawn on c4} (14. Nd5 Bxc5 15. Qe4 c3 16. Ng5
cxb2 17. Rab1 Nd8 18. Rxb2 $16) 14... O-O 15. Nfg5 Bf5 16. Bxc4 h6 17. Nxf7
Rxf7 18. Bxf7+ Kxf7 19. Qf3 Kg6 20. Nd6 Rf8 21. Nxb7 Qc7 22. Nd6 $16) (11. Bf4
Bxc5 12. Ne4 Qe7 13. Nxc5 Qxc5 14. Ng5 Nge5 15. Nxe6 fxe6 16. Be3 Qd5 $13) (11.
Ne4 {Ribli} Nxe3 12. fxe3 Qd5 (12... Qa5 {Ribli} 13. Nd6+) 13. Nd6+ (13. Qxd5 {
Ribli} Bxd5 14. Nd6+ Bxd6 15. cxd6 $14) 13... Bxd6 14. cxd6 Rd8 15. Qxd5 Bxd5
16. Rad1 $14) (11. Qc1 {Ribli}) 11... Qc7 12. h3 Nxd4 13. Qxd4 Rd8 14. Qe4 Nf6
15. Qh4 Bxc5 16. Ng5 Bf5 $17 {with the excelent play for black but I
completely underestimated 11.Qc1!}) 10... Be7 (10... cxd4 {Ribli} 11. Nxd4 Nxd4
12. Bxd4 Be7 13. Bxf6 gxf6 (13... Bxf6 {Ribli} 14. Bxc4 $14) 14. Qc2 $44) 11.
dxc5 {there are no other useful moves left for white} Ng4 {'~~' Ribli. Ribli:
'Schwarz möchte auf e3 nehmen, danach würde der Pc5 hängen. Meiner Meinung
nach sind die Bauern auf c4 und c5 gleichermaßen schwach wie stark.'} 12. Bg5
$5 {interesting tactical idea. The simple Ribli: 'Ein unerwarteter Läuferzug,
der zu großen Komplikationen führt.'} (12. Qxd8+ Rxd8 13. Bg5 f6 14. Bf4 O-O (
14... Bxc5 15. Bxc4) 15. Ne4 Nge5 16. Nxe5 Nxe5 17. Bxe5 fxe5 18. Rad1 Rd4 $11
{would lead to an equal position}) (12. Ne4 {Ribli} Nxe3 13. fxe3 O-O 14. Nd6
Qa5 $15 (14... b5 $5 {Ribli})) (12. Qc1 $5 {Ribli}) 12... Qxd1 {on} (12... Bxg5
13. Nxg5 Qxg5 {Serguei prepared} 14. Ne4 {'!' Ribli. !} (14. Bxg4 $2 {Ribli}
Rd8 $1 15. Qe2 (15. Qf3 {Ribli} Ne5 $17) 15... Nd4 16. Qe4 O-O $17) 14... Qf4 (
14... Nxf2 {Ribli} 15. Nxg5 (15. Kxf2 {Ribli} Qh4+ $19) 15... Nxd1 16. Raxd1
$36 {[%cal Ge1e8]}) 15. Bxg4 Bxg4 16. Nf6+ Kf8 17. Nxg4 $16) 13. Rexd1 {
I also considered the other two possibilities} (13. Raxd1 {which is not enough
in a view} Bxc5 14. Bh4 O-O 15. Ng5 Nge5 16. Bg3 Rae8 17. Bf1 Bc8 18. Nce4 Bb4)
(13. Nxd1 {and} f6 14. Bf4 O-O-O 15. Rc1 Bxc5 16. Bxc4 Bxc4 17. Rxc4 Ba7 $11 {
which is more or less equal if white of course doesn't miss Rd1 on h3} 18. h3
$2 Rxd1 19. Rxd1 Nxf2 20. Rd5 Nxh3+ 21. Kf1 Nxf4 22. Rxf4 Re8 $15) 13... Bxc5
14. Ne4 Be7 15. Rac1 $5 {White is insisting. To be honest been a pawn down
white is perfectlyn developed and he shouldn't be in trouble at all. His
problems where increasing with the decrease of time on his clock. Also good
was the more or less forced line} (15. Bxe7 Kxe7 16. Nfg5 Nge5 17. f4 Ng6 18.
g3 b5 19. Nxe6 (19. Nc5 $44 {Ribli}) 19... fxe6 20. Rd6 Rhc8 21. Bg4 Nf8 22. a3
Nd8 23. Rad1 Nf7 24. Rb6 Rcb8 25. Rc6 Rc8 $11) 15... b5 16. b3 $1 (16. Bxe7
Kxe7 17. Nfg5 Nge5 18. Nxe6 fxe6 19. f4 Ng6 20. g3 e5 $1) 16... Ba3 17. Rc3 {
the normal continuation} (17. Rc2 {worse was} Bf5 $1 18. Nfd2 O-O $17) (17. Ra1
$5 {but against any logic would be} Bb2 (17... Nge5 18. Nd6+ Kf8 19. bxc4 Nxc4
20. Nxc4 bxc4 21. Bc1 Be7 22. Ng5 Bxg5 23. Bxg5 h6 24. Bf4 Ke7 25. Rac1 $14) (
17... O-O 18. Bc1 Bxc1 19. Raxc1 Rad8 20. Nc5 Nb4 21. Rxd8 Rxd8 22. Nxe6 fxe6
23. bxc4 Nxa2 24. Rc2 Nb4 25. Rd2 {=}) 18. Rab1 c3 19. Nd4 Nxd4 20. Rxd4 Ne5
21. Bc1 $1 {the point of the whole line with Ra1. Now white will win back his
material and equalize the game.} Nc6 22. Rd6 Bf5 23. f3 Bxe4 24. fxe4 Ne5 25.
Bxb2 cxb2 26. Rxb2 Ke7 27. Rd5 f6 28. a4 {0.00}) 17... Bb4 18. Nd6+ $6 {after}
(18. Rcc1 $1 {Rublevsky could already force me to take a draw after move
repitition with Bb4.} f6 (18... Ba3 {=}) 19. Bf4 Ba3 20. Rc3 b4 21. Rxc4 Bxc4
22. Nd6+ {!} Kf8 23. Nxc4 Rd8 24. Rxd8+ Nxd8 25. Nd4 Ne5 26. Nxe5 fxe5 27. Bxe5
$14) (18. Rc2 {?} Bf5) 18... Kf8 19. Rc2 $2 {A better chance for White was} (
19. Rcc1 Ba3 $1 (19... h6 20. Bh4 g5 (20... Na5 21. Nd4 Bd7 22. Nc2) 21. Bg3 f5
22. bxc4 f4 23. cxb5 fxg3 24. bxc6 gxf2+ 25. Kh1 Ke7 26. Ne4) (19... f6 20.
bxc4 Nce5 21. Nxe5 Nxe5 22. Bf4 Ba3 23. Rc3 Bxd6 24. Rxd6 Bxc4 25. Bxe5 Bxe2
26. Bd4) 20. Rc3 Bc5 21. Bh4 b4 (21... Nb4 22. Ng5 Nxa2 23. Rf3) 22. Rcc1 c3
23. Ng5 Nge5 24. Nxe6+ fxe6 $15 {with good chances for counterplay.}) 19... Bc5
20. bxc4 Nb4 $17 {The position is still sharp but since now white will have
less material and he will be the one to suffer. Meanwhile the time trouble was
already knocking at the door and the number of the tactics will increase.} 21.
Ne4 {Ribli: 'Das ist die einzige Chance für Weiß - er muss die Qualität geben,
sonst hat er einfach nur die schlechtere Stellung.'} (21. Rcc1 Bxf2+ 22. Kf1
Be3 23. Rc3 Nxh2+ $19) 21... Nxc2 (21... Bxf2+ {was my second choice. And the
good one. Here I've lost a good part of my time advantage.} 22. Nxf2 Nxc2 23.
Nxg4 Bxg4 24. Bf4 $17 {black has some technical problems with his knight on c2}
) 22. Nxc5 Bxc4 23. Bxc4 bxc4 24. Nd7+ Kg8 {'-/+' Ribli.} 25. h3 h6 $4 {
putting a trap and almost fall in it. The reasonable} (25... f6 26. Bf4 Nh6 27.
Nxf6+ gxf6 28. Bxh6 Kf7 $17 {would keep the edge for black.}) 26. Bh4 {the
easiest draw for Rublevsky was} (26. Be7 Re8 27. Bc5 Nf6 28. Nxf6+ gxf6 29. Rc1
Rc8 30. Be7 Rc7 31. Bxf6 Na3 {=}) 26... h5 $1 {that was my idea but even that
is not enough} 27. Rc1 Ra7 28. Nb6 Na3 29. Nc8 (29. Rd1 f6 30. hxg4 hxg4 31.
Rd8+ Kh7 32. Rxh8+ Kxh8 33. Ne1 c3 $19) 29... Rc7 30. Ne7+ Kf8 31. Nd5 {
'time' we where left only seconds on the clock...After} (31. Nf5 $1 Nh6 32. Bg3
Nxf5 33. Bxc7 Ke7 34. Ba5 Rb8 35. Rc3 Rb1+ 36. Kh2 Nb5 37. Rxc4 Rb2 38. a4 $11
{the draw would be agreed}) 31... Rd7 32. Nb6 Rb7 33. Rd1 g5 $1 {After the
game Serguei told me that he wanted to resign in this moment but then he saw a
check and decided to continue.} 34. Nd7+ Rxd7 $1 {the simpliest win} (34... Ke8
35. Nc5 Rb1 36. Rxb1 Nxb1 37. Bxg5 f6 38. Bf4 Nh6 $17) 35. Rxd7 gxh4 36. hxg4
hxg4 37. Ne5 Rh5 38. Nxg4 Rc5 39. Ne3 c3 40. Rd1 {I even didn't know how many
moves were made.} Nb5 {'?' Ribli.} (40... c2 41. Rc1 Rb5 42. Re1 Rb2 $19 (42...
Rb1 $2 {Ribli} 43. Nxc2) 43. Kf1 Nc4 44. Nxc4 Rb1 $19) 41. Rc1 Na3 $4 {'time'
If I would know!} (41... Nd4 42. Kh2 c2 43. Kh3 f5 $19 {was my last chance to
score. After it the white king is just in time.}) 42. Kf1 Ke7 43. Ke2 {'time'}
(43. Rxc3 Rxc3 44. Nd5+) 43... Kd6 44. Kd3 {'=' Ribli.} c2 45. Nxc2 Rc4 46. Kd2
Nxc2 47. Rxc2 Rg4 48. Ke3 $1 Rxg2 (48... Rxg2 49. Rc4 h3 50. Ra4 h2 51. Rxa6+
Ke5 52. Rh6 Rg4 53. Rxh2 Ra4 {=}) 1/2-1/2

[Event "Bugojno"]
[Site "Bugojno"]
[Date "1978.03.13"]
[Round "13"]
[White "Tal, Mihail"]
[Black "Miles, Anthony John"]
[Result "1/2-1/2"]
[WhiteElo "2625"]
[BlackElo "2565"]
[Annotator "Bulletin"]
[PlyCount "55"]
[EventDate "1978.02.27"]
[EventType "tourn"]
[EventRounds "15"]
[EventCountry "YUG"]
[EventCategory "14"]
[SourceTitle "MCL"]
[Source "ChessBase"]
[SourceDate "1999.07.01"]
[SourceVersion "1"]
[SourceVersionDate "1999.07.01"]
[SourceQuality "1"]

1. c4 c5 2. Nf3 Nf6 3. Nc3 d5 4. cxd5 Nxd5 5. d4 Nxc3 6. bxc3 g6 7. e3 Bg7 8.
Bd3 (8. Be2 O-O 9. O-O Nc6 10. Ba3 Qa5 11. Qb3 Be6 12. Qb2 b6 13. Rac1 Rac8 14.
Nd2 Rc7 $10 {Keene-Smejkal, Moskau 1977}) 8... O-O 9. O-O Nc6 10. Ba3 b6 11.
dxc5 Qc7 12. Be4 (12. cxb6 axb6 13. Bb2 $13) 12... Bb7 13. Qc2 Na5 14. Rab1
Rfc8 15. c4 (15. cxb6 axb6 16. Bb4 Nc6 $13) 15... Rab8 16. Rfc1 bxc5 17. Ng5 e6
18. Bxb7 Nxb7 19. Ne4 f5 20. Nc3 Nd6 21. Na4 Rxb1 22. Rxb1 Qa5 23. f3 Rc6 24.
Rd1 $1 Qa6 (24... Ra6 25. Bxc5 $2 (25. Nxc5 Qxa3 26. Nxa6 Qxa6 27. c5) 25...
Nb7) 25. Qb3 $1 Qa5 (25... Qxc4 $2 26. Rxd6) (25... Nxc4 26. Qb8+ Rc8 27. Rd8+
Rxd8 28. Qxd8+ Kf7 29. Qd7+ $18) 26. g3 Bf8 27. Qc2 $5 Ra6 28. Bxc5 1/2-1/2

[Event "Hoogovens"]
[Site "Wijk aan Zee"]
[Date "1984.01.25"]
[Round "10"]
[White "Huebner, Robert"]
[Black "Tukmakov, Vladimir B"]
[Result "1-0"]
[WhiteElo "2620"]
[BlackElo "2550"]
[Annotator "Bulletin"]
[PlyCount "72"]
[EventDate "1984.01.13"]
[EventType "tourn"]
[EventRounds "13"]
[EventCountry "NED"]
[EventCategory "13"]
[SourceTitle "MCL"]
[Source "ChessBase"]
[SourceDate "1999.07.01"]
[SourceVersion "1"]
[SourceVersionDate "1999.07.01"]
[SourceQuality "1"]

1. c4 Nf6 2. Nc3 c5 3. Nf3 d5 4. cxd5 Nxd5 5. e4 Nb4 6. Bc4 Nd3+ 7. Ke2 Nf4+ 8.
Kf1 Ne6 9. b4 cxb4 10. Ne2 Nc7 $5 11. d4 e6 12. h4 Bd6 (12... Nd7 $5) 13. h5 h6
14. Rh4 Nd7 15. Bb2 Be7 16. Rh3 $13 Nf6 17. Bd3 Bd7 18. Ne5 Bb5 19. Kg1 O-O (
19... Nd7 20. Nc4) 20. Nf4 Rc8 21. Rg3 Bxd3 22. Qxd3 a6 $1 23. Qe3 Kh7 (23...
Nb5 24. Nxe6 fxe6 25. Qxh6) 24. Re1 Nb5 25. d5 (25. Rxg7+ $2 Kxg7 26. Qg3+ Kh8
$19) 25... Bc5 $1 26. Qd3 Nc3 27. dxe6 Qb6 $2 (27... Qxd3 $1 28. Nexd3 Be7 29.
exf7 (29. Nd5 $6 Nfxd5 30. exd5 f6 $17) (29. Bxc3 bxc3 30. e5 Ng8 $17) 29...
Rxf7 30. e5 $13) 28. Rf1 Qb5 29. Nd7 Nxd7 30. exd7 Rcd8 (30... Qxd3 31. Rxd3
Rcd8 32. Bxc3 bxc3 33. Nd5 $16) 31. Bxc3 bxc3 32. Qxc3 Rg8 33. Rd1 Rxd7 34.
Rxd7 Bxf2+ 35. Kxf2 Qxd7 36. Nd5 Qd6 {Time} (36... Qd6 37. Rxg7+ Rxg7 38. Nf6+)
1-0

[Event "World-ch33-KK4 Kasparov-Karpov +4-4=16"]
[Site "Seville"]
[Date "1987.12.16"]
[Round "23"]
[White "Karpov, Anatoly"]
[Black "Kasparov, Garry"]
[Result "1-0"]
[WhiteElo "2700"]
[BlackElo "2740"]
[Annotator "Bulletin"]
[PlyCount "114"]
[EventDate "1987.10.12"]
[EventType "match"]
[EventRounds "24"]
[EventCountry "ESP"]
[SourceTitle "MainBase"]
[Source "ChessBase"]
[SourceDate "1999.07.01"]
[SourceVersion "2"]
[SourceVersionDate "1999.07.01"]
[SourceQuality "1"]

1. c4 c5 2. Nf3 Nf6 3. Nc3 d5 4. cxd5 Nxd5 5. d4 Nxc3 6. bxc3 g6 7. e3 Bg7 8.
Bd3 O-O 9. O-O Qc7 10. Rb1 b6 {N; 10...Rd8 - 24/78; 10...Nd7 - 40/(60)} 11. Qe2
Rd8 12. Be4 Ba6 $1 (12... Nc6 13. d5 f5 14. dxc6 fxe4 15. Qc4+ $16) (12... Bb7
13. Bxb7 Qxb7 14. dxc5 Bxc3 15. e4 $5 $14) 13. c4 Nc6 14. d5 f5 15. Bd3 e5 $1
16. e4 Nd4 17. Nxd4 cxd4 18. Bg5 Rf8 19. Rfc1 Rac8 (19... f4 20. c5 $5 $13) 20.
Bd2 Rf7 21. a4 fxe4 $6 (21... f4 $132) 22. Qxe4 $14 Rcf8 23. f3 Bc8 24. a5 (24.
d6 $5) 24... Bf5 25. Qe2 Re8 26. Be4 Bf8 27. Qd3 Bc5 28. Ra1 Qd7 29. Re1 Qc8
30. Kh1 Rc7 31. Rab1 Kg7 32. Rec1 Bxe4 (32... Rf7 $14 {>=}) 33. fxe4 $14 Rf7
34. Qg3 bxa5 $6 35. Bxa5 $16 Rf4 36. Re1 Qa6 37. Bd2 Rf7 38. Qd3 Ref8 39. h3
Rf2 40. Ra1 Qf6 41. Rg1 (41. Reb1 $1 $16) 41... h5 $1 (41... Rb8 $6 42. Ra5 $1
Rb2 43. Bc1 Bb6 (43... Qb6 44. Rxc5 Qxc5 45. Bxb2 Rxb2 46. Qg3 $1 $16) 44. Bxb2
Bxa5 45. Ba3 Rd2 46. Qb3 d3 47. Bc1 $1 $16) (41... g5 $6 42. Be1 Rb2 43. Bg3 h5
44. Rgf1 $16) 42. Ra5 (42. Be1 $5 Rf1 43. Bg3 Rxg1+ 44. Rxg1 h4 45. Bh2 Kh7 $13
) 42... Qe7 43. Rb1 (43. Be1 $5 Rb2 (43... R8f3 44. gxf3 Qh4 45. f4 $18) 44.
Bg3 h4 (44... Bb6 45. d6 $1 (45. Qa3 $1)) 45. Bh2 (45. Bxe5+ Qxe5 46. Rxc5 Rbf2
$1 {/\ R8f3 <=>}) (45. Rxc5 hxg3 46. d6 Qh4 {/\ Qh3!}) 45... Rc8 46. Rf1 Qg5
$13 {<=>}) 43... h4 $1 44. Ra6 R8f7 45. Rc6 (45. Re6 Qf8 46. Rg1 Kh7 47. Be1
Rf1 48. Rxe5 (48. Bxh4 Rxg1+ 49. Kxg1 Qh6 $36) 48... Rxg1+ 49. Kxg1 Rf1+ $1 50.
Qxf1 d3+ 51. Bf2 d2 52. Rf5 gxf5 $15) 45... Qf8 46. Rg1 Be7 47. Re6 Kh7 $1 48.
Be1 (48. Rxe5 $6 Bd6 49. Rh5+ $8 gxh5 50. e5+ Kg8 51. exd6 Qxd6 52. Qxd4 Qf6
$10) 48... Rf1 49. Bd2 Bc5 50. Rc6 R7f3 $4 (50... a5 51. Bxa5 R7f3 52. gxf3
Rxf3 53. Rc7+ Kh8 54. Rc8 Rxd3 55. Rxf8+ Bxf8 56. Kh2 $14 (56. Bc7 $13)) (50...
Bb4 $5 51. Ra6 (51. Qe2 $2 Bxd2 52. Qxd2 Rxg1+ 53. Kxg1 Rf1+ 54. Kh2 Qa3 55.
Rc7+ Kg8 56. Qg5 Qg3+ 57. Qxg3 hxg3+ 58. Kxg3 d3 $19) (51. Bg5 $6 Be1 {/\} 52.
Ra6 (52. c5 Rxg1+ 53. Kxg1 Bf2+ 54. Kh1 Bg3) 52... Rxg1+ 53. Kxg1 Bf2+ 54. Kh1
Bg3 55. Ra1 Rf2 56. Rg1 $8 Qb4 $36) 51... Bc5 $14) 51. gxf3 Rxf3 52. Rc7+ Kh8
53. Bh6 $1 $18 Rxd3 54. Bxf8 Rxh3+ 55. Kg2 Rg3+ 56. Kh2 Rxg1 57. Bxc5 d3 (57...
d3 58. Be3) 1-0

[Event "USA-ch"]
[Site "Greenville"]
[Date "1983.??.??"]
[Round "4"]
[White "Gurevich, Dmitry"]
[Black "Alburt, Lev O"]
[Result "0-1"]
[WhiteElo "2470"]
[BlackElo "2560"]
[Annotator "Bulletin"]
[PlyCount "76"]
[EventDate "1983.07.??"]
[EventType "tourn"]
[EventRounds "13"]
[EventCountry "USA"]
[EventCategory "10"]
[SourceTitle "MCL"]
[Source "ChessBase"]
[SourceDate "1999.07.01"]
[SourceVersion "1"]
[SourceVersionDate "1999.07.01"]
[SourceQuality "1"]

1. Nf3 Nf6 2. c4 c5 3. Nc3 Nc6 4. g3 d5 5. cxd5 Nxd5 6. Bg2 Nc7 7. O-O g6 8. b3
(8. e3 $5 Bg7 9. d4 cxd4 10. Nxd4) 8... Bg7 9. Bb2 b6 10. Na4 Bxb2 11. Nxb2 Rb8
12. e3 O-O 13. d4 cxd4 14. Rc1 Bb7 15. exd4 $6 (15. Nxd4) 15... Nb5 $1 16. d5
Nb4 17. a4 Nc7 18. d6 exd6 19. Qd2 a5 20. Rc4 Ne6 21. Rh4 Qf6 22. Qh6 Qg7 23.
Qd2 $2 g5 $1 24. Rg4 h5 25. Rxg5 Nxg5 26. Nxg5 Bxg2 27. Kxg2 d5 28. h4 Rfe8 29.
Rd1 Qg6 30. Qf4 f6 31. Qd6 Qf5 32. Nf3 Rbc8 33. Qxb6 Re2 34. Qxa5 Nc2 35. Qa6
Ne3+ 36. Kg1 Qxf3 $1 37. Qxc8+ Kg7 38. Qc7+ Kg6 0-1

[Event "Zug FIDE GP"]
[Site "Zug"]
[Date "2013.04.28"]
[Round "9"]
[White "Giri, Anish"]
[Black "Kasimdzhanov, Rustam"]
[Result "1/2-1/2"]
[WhiteElo "2727"]
[BlackElo "2709"]
[Annotator "CB"]
[PlyCount "118"]
[EventDate "2013.04.18"]
[EventType "tourn"]
[EventRounds "11"]
[EventCountry "SUI"]
[EventCategory "21"]
[SourceTitle "CBM 154"]
[Source "ChessBase"]
[SourceDate "2013.05.15"]
[SourceVersion "1"]
[SourceVersionDate "2013.05.15"]
[SourceQuality "1"]

1. c4 Nf6 2. Nf3 c5 3. Nc3 d5 4. cxd5 Nxd5 5. e4 Nb4 6. Bc4 Nd3+ 7. Ke2 Nf4+ 8.
Kf1 Ne6 9. b4 cxb4 ({Relevant:} 9... g6 10. bxc5 Bg7 11. Bxe6 Bxe6 12. d4 O-O
13. Be3 f5 14. exf5 Rxf5 15. h4 Nc6 16. h5 Qd7 17. hxg6 hxg6 18. Qd2 Raf8 19.
Rh4 Rh5 20. Rxh5 gxh5 21. Qd3 Bf5 22. Qc4+ Kh8 23. Rd1 e6 24. Rd2 Na5 25. Qb4
Nc6 26. Qc4 Qf7 27. Nb5 Bg4 28. Nd6 Qg6 29. Qd3 Qxd3+ 30. Rxd3 Bxf3 31. gxf3 b6
32. cxb6 axb6 33. d5 Nb4 34. dxe6 Nxd3 35. e7 Nb4 36. a4 Nd5 37. exf8=Q+ Bxf8
38. Nc4 Bc5 39. Kg2 {Khairullin,I (2574)-Naiditsch,A (2693) Moscow 2009 1-0})
10. Ne2 Nc5 11. Ng3 Be6 $146 ({Predecessor:} 11... e6 12. d4 Ncd7 13. Bb2 Nb6
14. Bd3 Be7 15. h4 O-O 16. Qe2 f6 17. Nh5 Rf7 18. Rh3 N8d7 19. g4 Nf8 20. Rg3
Ng6 21. Rd1 Bd7 22. e5 Nd5 23. exf6 gxf6 24. Bxg6 hxg6 25. Qe4 gxh5 26. gxh5+
Kf8 27. Qg6 Bd6 28. Ne5 fxe5 29. dxe5 Bb5+ 30. Kg1 Bc5 31. Qg8+ Ke7 32. Qg5+
Kd7 33. Rxd5+ exd5 34. e6+ Kxe6 35. Qe5+ Kd7 36. Qxd5+ Bd6 37. Qxf7+ Qe7 38.
Qf5+ Kc6 39. Rg7 Qe1+ 40. Kg2 Bf1+ {0-1 (40) Castiglione,M (2288)-Sakalauskas,
V (2405) Warsaw 2010}) 12. Bxe6 Qd3+ 13. Kg1 Nxe6 14. Bb2 Nc6 15. Rc1 Rd8 16.
h4 h5 17. Kh2 Nf4 18. Ne5 $5 Qb5 ({Black missed} 18... Qa6 $1) 19. Rxc6 bxc6
20. Qf3 f6 21. Qxf4 fxe5 22. Bxe5 Rd3 23. Nf5 Rg8 24. Nd4 Qc4 25. Rc1 $2 Qxc1
26. Ne6 Qc4 27. Qf5 g6 28. Nc7+ Kd8 29. Ne6+ Kd7 30. Nxf8+ Ke8 31. Nxg6 Rd7 $2
(31... Rd8 $1 $17) 32. Bb8 $2 Qf7 (32... e6 $1 {would have left White with
some activity but heavily down on material.}) 33. Qxf7+ Kxf7 34. Ne5+ Ke6 35.
Nxd7 Kxd7 36. Bxa7 Ra8 37. Bc5 Rxa2 38. Bxb4 Ra4 39. Bc5 Rxe4 40. Kh3 Ke6 41.
f3 Rc4 42. Be3 Kf5 43. Bg5 e5 44. Be3 Ra4 45. Bf2 Rc4 46. Be3 c5 47. g4+ Kg6
48. Kg3 Rc1 49. Kf2 c4 50. Bg5 Ra1 51. Ke3 Re1+ 52. Kf2 Ra1 53. Ke3 Ra4 54.
gxh5+ Kxh5 55. Bf6 Ra3+ 56. Ke4 c3 57. dxc3 Rxc3 58. Bxe5 Rxf3 59. Kxf3 Kxh4
1/2-1/2